00681nam a2200217Ia 4500003000400000005001700004008004100021040000700062041000800069082002300077100003800100245002100138260004700159365001300206650002600219650002800245906002400273942001200297999001900309952013500328OSt20230602113032.0210423s2004 xx 000 0 und d cAL aeng a305.231223b BEED aBEE (Helen);BOYD (Derise)9118822 aDeveloping child aNew DelhibPearson Education Pvt Ltdc2004 b395cINR aSocial Groups9118823 aSocial Sciences9118824 achild. ; Developing 2ddccBK c174766d174766 001040708MSWaSACPGbSACPGd2007-03-28eKnowledge Worldg395.00l0o305.231 BEEDpPG021453r2022-08-24 00:00:00w2021-04-26yBK